LEADER 01284nam a2200301 i 4500 001 991000548269707536 005 20020503184509.0 008 950505s1992 it ita 020 $a884530566X 035 $ab10093801-39ule_inst 035 $aLE02518045$9ExL 040 $aFac. Economia$bita 082 0 $a332.042 082 04$a658.1599 100 1 $aPellicelli, Giorgio$083240 245 13$aLa gestione della finanza internazionale :$bmetodi e strumenti per un vantaggio competitivo nei mercati finanziari /$cGiorgio Pellicelli 260 $aMilano :$bEtas Libri,$c1992 300 $aIX, 411 p. ;$c24 cm 490 0 $aGestione d'impresa.$pFinanza 650 4$aFinanza internazionale 907 $a.b10093801$b17-02-17$c27-06-02 912 $a991000548269707536 945 $aLE025 ECO 658.1 PEL01.01$g1$i2025000151413$lle025$o-$pE31.00$q-$rl$s- $t0$u2$v0$w2$x0$y.i14225268$z20-04-06 945 $aLE025 ECO 658.1 PEL01.01$g2$i2025000011472$lle025$o-$pE0.00$q-$rl$s- $t0$u1$v2$w1$x0$y.i10109262$z27-06-02 945 $aLE025 ECO 658.1 PEL01.01$g3$i2025000122628$lle025$o-$pE0.00$q-$rl$s- $t0$u0$v0$w0$x0$y.i14565730$z26-09-07 996 $aGestione della finanza internazionale$9196251 997 $aUNISALENTO 998 $ale025$b01-01-95$cm$da $e-$fita$git $h3$i1 LEADER 02873nam 2200625 a 450 001 9910954613703321 005 20251117095059.0 010 $a1-58901-803-6 035 $a(CKB)2550000000088202 035 $a(EBL)877175 035 $a(OCoLC)778431723 035 $a(SSID)ssj0000570489 035 $a(PQKBManifestationID)11364040 035 $a(PQKBTitleCode)TC0000570489 035 $a(PQKBWorkID)10593007 035 $a(PQKB)10439227 035 $a(MdBmJHUP)muse894 035 $a(Au-PeEL)EBL877175 035 $a(CaPaEBR)ebr10521492 035 $a(Perlego)949461 035 $a(MiAaPQ)EBC877175 035 $a(EXLCZ)992550000000088202 100 $a20110223d2011 uy 0 101 0 $aeng 135 $aur|n|---||||| 181 $ctxt$2rdacontent 182 $cc$2rdamedia 183 $acr$2rdacarrier 200 00$aCommunicating the word $erevelation, translation, and interpretation in Christianity and Islam : a record of the seventh Building Bridges seminar convened by the Archbishop of Canterbury Rome, May 2008 /$fDavid Marshall, editor 205 $a1st ed. 210 1$aWashington, D.C. :$cGeorgetown University Press,$d2011. 215 $a1 online resource (205 pages) 300 $aDescription based upon print version of record. 311 08$a1-58901-784-6 320 $aIncludes bibliographical references and index. 327 $apt 1. Particularity, universality, and finality in revelation -- pt. 2. Translating the word? -- pt. 3. Methods and authority in interpretation. 330 $aCommunicating the Word is a record of the 2008 Building Bridges seminar, an annual dialogue between leading Christian and Muslim scholars convened by the Archbishop of Canterbury. Featuring the insights of internationally known Christian and Muslim scholars, the essays collected here focus attention on key scriptural texts but also engage with both classical and contemporary Islamic and Christian thought. Issues addressed include, among others, the different ways in which Christians and Muslims think of their scriptures as the ""Word of God,"" the possibilities and challenges of translating sc 606 $aIslam$xRelations$xChristianity$vCongresses 606 $aChristianity and other religions$xIslam$vCongresses 606 $aRevelation$xIslam$vCongresses 606 $aRevelation$xChristianity$vCongresses 615 0$aIslam$xRelations$xChristianity 615 0$aChristianity and other religions$xIslam 615 0$aRevelation$xIslam 615 0$aRevelation$xChristianity 676 $a261.2/7 701 $aMarshall$b David$f1963-$01800501 712 12$aBuilding Bridges Seminar$d(7th :$f2008 :$eRome, Italy) 801 0$bMiAaPQ 801 1$bMiAaPQ 801 2$bMiAaPQ 906 $aBOOK 912 $a9910954613703321 996 $aCommunicating the word$94358298 997 $aUNINA